|
|
|
|
| LEADER |
02493nam a2200625 a 4500 |
| 001 |
nkc20102093096 |
| 003 |
CZ PrNK |
| 005 |
20100521165113.0 |
| 007 |
ta |
| 008 |
100326s2009 xr f 000 0dcze |
| 015 |
|
|
|a cnb002093096
|
| 020 |
|
|
|a 978-80-7368-755-7
|q (brož.)
|
| 035 |
|
|
|a (OCoLC)641505368
|
| 040 |
|
|
|a BOA001
|b cze
|d OLA001
|
| 041 |
0 |
|
|a cze
|b eng
|
| 043 |
|
|
|a e-gx---
|
| 045 |
|
|
|a w8x4
|
| 072 |
|
7 |
|a 2-1
|x Přirozená teologie. Náboženská filozofie
|2 Konspekt
|9 5
|
| 080 |
|
|
|a 27-335
|2 MRF
|
| 080 |
|
|
|a 14:27
|2 MRF
|
| 080 |
|
|
|a 2-1:101
|2 MRF
|
| 080 |
|
|
|a 11
|2 MRF
|
| 080 |
|
|
|a 141.32
|2 MRF
|
| 080 |
|
|
|a 27-277
|2 MRF
|
| 080 |
|
|
|a (430)
|2 MRF
|
| 080 |
|
|
|a (048.8)
|2 MRF
|
| 100 |
1 |
|
|a Klimsza, Lucjan,
|d 1974-
|7 pna2010568985
|4 aut
|
| 245 |
1 |
0 |
|a Wust: identita nejistoty /
|c Lucjan Klimsza
|
| 250 |
|
|
|a 1. vyd.
|
| 260 |
|
|
|a Ostrava :
|b Pedagogická fakulta Ostravské univerzity,
|c 2009
|
| 300 |
|
|
|a 111 s. ;
|c 24 cm
|
| 504 |
|
|
|a Obsahuje bibliografii a bibliografické odkazy
|
| 546 |
|
|
|a Anglické resumé
|
| 600 |
1 |
7 |
|a Wust, Peter,
|d 1884-1940
|7 xx0033450
|2 czenas
|
| 648 |
|
7 |
|a 19.-20. století
|7 ch757015
|2 czenas
|
| 650 |
0 |
7 |
|a křesťanští filozofové
|7 ph122142
|z Německo
|y 19.-20. století
|2 czenas
|
| 650 |
0 |
7 |
|a křesťanská filozofie
|7 ph138449
|z Německo
|y 19.-20. století
|2 czenas
|
| 650 |
0 |
7 |
|a teologie a filozofie
|7 ph332188
|z Německo
|y 19.-20. století
|2 czenas
|
| 650 |
0 |
7 |
|a metafyzika
|7 ph115266
|z Německo
|y 19.-20. století
|2 czenas
|
| 650 |
0 |
7 |
|a existencialismus
|7 ph117190
|z Německo
|y 19.-20. století
|2 czenas
|
| 650 |
0 |
7 |
|a biblická exegeze
|7 ph118844
|z Německo
|y 19.-20. století
|2 czenas
|
| 650 |
0 |
9 |
|a Christian philosophers
|z Germany
|y 19th-20th centuries
|2 eczenas
|
| 650 |
0 |
9 |
|a Christian philosophy
|z Germany
|y 19th-20th centuries
|2 eczenas
|
| 650 |
0 |
9 |
|a theology and philosophy
|z Germany
|y 19th-20th centuries
|2 eczenas
|
| 650 |
0 |
9 |
|a metaphysics
|z Germany
|y 19th-20th centuries
|2 eczenas
|
| 650 |
0 |
9 |
|a existentialism
|z Germany
|y 19th-20th centuries
|2 eczenas
|
| 650 |
0 |
9 |
|a Biblical exegesis
|z Germany
|y 19th-20th centuries
|2 eczenas
|
| 655 |
|
7 |
|a studie
|7 fd133597
|2 czenas
|
| 655 |
|
9 |
|a studies
|2 eczenas
|
| 856 |
4 |
1 |
|u http://www.digitalniknihovna.cz/mzk/uuid/uuid:58ac7c80-44a1-11e4-8113-005056827e52
|y Digitalizovaný dokument
|x NDK
|
| 910 |
2 |
|
|a BOA001
|b 2-1240.840
|
| 990 |
|
|
|a BK
|
| 995 |
|
|
|a 01
|
| 991 |
|
|
|b 201005
|c NOV
|
| 996 |
6 |
|
|b 2610432414
|c 2-1240.840
|l MZK
|r Sklad / do 1 hodiny
|n 0
|p p.v.
|w 001118534
|u 000010
|a 1
|e BOA001
|j MZK50
|s P
|